Movies Quiz

Random Movies or Pixar Quiz
Score 0/18 Timer 04:00
1 Play Today
Character % Correct
Tinkerbell
97.5%
Nemo
95.4%
Mickey Mouse
95.3%
Woody
93.9%
Mulan
91.7%
Belle
90.5%
Daisy
87.1%
Rex
84%
Timon
83.6%
Character % Correct
Lightning McQueen
80.9%
Nala
80.2%
Slinky Dog
75%
Mater
74.1%
Pumbaa
64.7%
Tiana
64.5%
Bruce
63.1%
Remy
58.6%
Linguini
30.4%
Remove Ads.
Support Sporcle.
Get the best of Sporcle when you Go Orange. This ad-free experience offers more features, more stats, and more fun while also helping to support Sporcle. Thank you for becoming a member.

You're not logged in!

Compare scores with friends on all Sporcle quizzes.
OR
Log In

Show Comments

Extras

Top Quizzes Today


Score Distribution

Your Account Isn't Verified!

In order to create a playlist on Sporcle, you need to verify the email address you used during registration. Go to your Sporcle Settings to finish the process.

Report this User

Report this user for behavior that violates our Community Guidelines.

Details: